Defunct RFL teams - Statistics

General Stats
  • This quiz has been taken 8 times
  • The average score is 11 of 19
Answer Stats
Hint Answer % Correct
Major north-west city without a team Liverpool
100%
Canadian Toronto
100%
Famous for its tower Blackpool
83%
Famous university Oxford
83%
Stags Hemel
67%
South East England (county name) Kent
67%
Home to Robin Hood Nottingham
67%
Only French team on this list PSG
67%
East Coast Seaside resort Scarborough
67%
Only team to win Challenge cup here Broughton
50%
Merged with Barrow, Cumbrian team Carlisle
50%
'Lynx' Lancashire team Chorley
50%
North East England Gateshead
50%
Reformed as a Phoenix club, exist to this day Hunslet
33%
Latest team Skolars
33%
Became the team in the thumbnail South Wales
33%
In thumbnail West Wales
33%
Birthplace of Kevin Sinfield Bramley
17%
'All Golds' Gloucestershire
17%
No matching quizzes found
Score Distribution
Percent of People with Each Score
Percentile by Number Answered
Your Score History
You have not taken this quiz